Willekeurige Landen Muisjacht! - Statistieken

Algemene statistieken
  • Deze quiz is 94 keer genomen
  • De gemiddelde score is 7 van 10
Antwoorden op de kaart
Antwoorden kleurgecodeerd door een groen-rode schaal op de quizkaart volgens % correct hieronder.
 
Antwoordstatistieken
Land % Correct
Afghanistan
100%
Algerije
100%
Azerbeidzjan
100%
Bahama's
100%
Belize
100%
Bolivia
100%
Bosnië en Herzegovina
100%
Botswana
100%
Brazilië
100%
Canada
100%
Chili
100%
China
100%
Colombia
100%
Comoren
100%
Costa Rica
100%
Cyprus
100%
Democratische Republiek Congo
100%
Duitsland
100%
Ecuador
100%
El Salvador
100%
Eritrea
100%
Estland
100%
Ethiopië
100%
Finland
100%
Frankrijk
100%
Gabon
100%
Gambia
100%
Guatemala
100%
Guinee
100%
Guyana
100%
Honduras
100%
Ierland
100%
India
100%
Indonesië
100%
Iran
100%
Israël
100%
Japan
100%
Jordanië
100%
Kaapverdië
100%
Kazachstan
100%
Kenia
100%
Kiribati
100%
Kroatië
100%
Libië
100%
Madagaskar
100%
Mali
100%
Malta
100%
Marokko
100%
Mauritanië
100%
Mexico
100%
Micronesia
100%
Montenegro
100%
Myanmar
100%
Nepal
100%
Nicaragua
100%
Niger
100%
Noord-Korea
100%
Noorwegen
100%
Oekraïne
100%
Oezbekistan
100%
Oman
100%
Oostenrijk
100%
Paraguay
100%
Polen
100%
Portugal
100%
Roemenië
100%
Rusland
100%
Saoedi-Arabië
100%
Sao Tomé en Principe
100%
Senegal
100%
Servië
100%
Soedan
100%
Spanje
100%
Tsjaad
100%
Turkmenistan
100%
Vanuatu
100%
Venezuela
100%
Verenigde Staten
100%
Verenigd Koninkrijk
100%
Vietnam
100%
Zuid-Afrika
100%
Zuid-Korea
100%
Zuid-Soedan
100%
Slowakije
83%
Zambia
83%
Denemarken
80%
Pakistan
80%
Slovenië
80%
Filipijnen
75%
Koeweit
75%
Litouwen
75%
Thailand
75%
Zwitserland
75%
Angola
71%
Burkina Faso
67%
Cuba
67%
Ghana
67%
Haïti
67%
Namibië
67%
Tadzjikistan
67%
Tonga
67%
Verenigde Arabische Emiraten
67%
Tsjechië
60%
Argentinië
50%
Australië
50%
Cambodja
50%
Centraal-Afrikaanse Republiek
50%
Equatoriaal-Guinea
50%
Georgië
50%
Griekenland
50%
IJsland
50%
Jemen
50%
Maldiven
50%
Moldavië
50%
Mozambique
50%
Nauru
50%
Nieuw-Zeeland
50%
Qatar
50%
Rwanda
50%
Seychellen
50%
Tunesië
50%
Sri Lanka
40%
België
33%
Bulgarije
33%
Guinee-Bissau
33%
Jamaica
33%
Malawi
33%
Oost-Timor
33%
Tuvalu
33%
Djibouti
25%
Libanon
25%
Albanië
0%
Armenië
0%
Bangladesh
0%
Belarus
0%
Benin
0%
Bhutan
0%
Brunei
0%
Burundi
0%
Dominicaanse Republiek
0%
Egypte
0%
Eswatini
0%
Fiji
0%
Hongarije
0%
Irak
0%
Italië
0%
Ivoorkust
0%
Kameroen
0%
Kirgizië
0%
Kosovo
0%
Laos
0%
Lesotho
0%
Letland
0%
Liberia
0%
Luxemburg
0%
Maleisië
0%
Marshalleilanden
0%
Mauritius
0%
Mongolië
0%
Nederland
0%
Nigeria
0%
Noord-Macedonië
0%
Oeganda
0%
Palau
0%
Panama
0%
Papoea-Nieuw-Guinea
0%
Peru
0%
Republiek Congo
0%
Salomonseilanden
0%
Samoa
0%
Sierra Leone
0%
Somalië
0%
Suriname
0%
Syrië
0%
Taiwan
0%
Tanzania
0%
Togo
0%
Trinidad en Tobago
0%
Turkije
0%
Uruguay
0%
Zimbabwe
0%
Zweden
0%
Geen overeenkomende quizzen gevonden
Scoreverdeling
Procent van Mensen met Elke Score
Percentiel versus Aantal Correcte Antwoorden
Uw Scoregeschiedenis
U heeft deze quiz nog niet genomen